Manufacturing technology / (Record no. 26111)
[ view plain ]
| 000 -LEADER | |
|---|---|
| fixed length control field | 00765cam a22002415a 4500 |
| 001 - CONTROL NUMBER | |
| control field | 010699002 |
| 005 - DATE AND TIME OF LATEST TRANSACTION | |
| control field | 20201124141941.0 |
| 008 - FIXED-LENGTH DATA ELEMENTS--GENERAL INFORMATION | |
| fixed length control field | 010122s1998 enk fr 001 0 eng d |
| 020 ## - INTERNATIONAL STANDARD BOOK NUMBER | |
| International Standard Book Number | 0582356938 (v. 1) |
| 020 ## - INTERNATIONAL STANDARD BOOK NUMBER | |
| International Standard Book Number | 9780582356931 (v. 1) |
| 040 ## - CATALOGING SOURCE | |
| Original cataloging agency | UkOxU |
| Modifying agency | Uk |
| -- | EG-ScBUE |
| Language of cataloging | eng |
| 082 04 - DEWEY DECIMAL CLASSIFICATION NUMBER | |
| Classification number | 670.427 |
| Edition number | 22 |
| Item number | TIM |
| 100 1# - MAIN ENTRY--PERSONAL NAME | |
| Personal name | Timings, R. L. |
| Fuller form of name | (Roger Leslie), |
| Dates associated with a name | 1927- |
| 9 (RLIN) | 4519 |
| 245 10 - TITLE STATEMENT | |
| Title | Manufacturing technology / |
| Statement of responsibility, etc | R. L. Timings. |
| 250 ## - EDITION STATEMENT | |
| Edition statement | 3rd ed. |
| 260 ## - PUBLICATION, DISTRIBUTION, ETC. (IMPRINT) | |
| Place of publication, distribution, etc | Harlow : |
| Name of publisher, distributor, etc | Prentice Hall / Pearson Education, |
| Date of publication, distribution, etc | 1998. |
| 300 ## - PHYSICAL DESCRIPTION | |
| Extent | v. 1 : |
| Other physical details | ill. ; |
| Dimensions | 24 cm. |
| 500 ## - GENERAL NOTE | |
| General note | Index : p. 394-402. |
| 650 #7 - SUBJECT ADDED ENTRY--TOPICAL TERM | |
| Topical term or geographic name as entry element | Manufacturing processes. |
| Source of heading or term | BUEsh |
| 9 (RLIN) | 4604 |
| 650 #7 - SUBJECT ADDED ENTRY--TOPICAL TERM | |
| Topical term or geographic name as entry element | Technological innovations. |
| Source of heading or term | BUEsh |
| 9 (RLIN) | 19468 |
| 653 ## - INDEX TERM--UNCONTROLLED | |
| Resource For college | Engineering, General |
| -- | Generalities |
| Arrived date list | February2018 |
| 942 ## - ADDED ENTRY ELEMENTS (KOHA) | |
| Source of classification or shelving scheme | Dewey Decimal Classification |
| Withdrawn status | Item status | Source of classification or shelving scheme | Damaged status | Not for loan | Home library | Current library | Shelving location | Date acquired | Total Checkouts | Full call number | Barcode | Date last seen | Koha item type |
|---|---|---|---|---|---|---|---|---|---|---|---|---|---|
| Dewey Decimal Classification | Central Library | Central Library | First floor | 06/02/2018 | 670.427 TIM | 000047252 | 15/07/2025 | Book - Borrowing |